| 000 | 00383nam a2200169Ia 4500 | ||
|---|---|---|---|
| 100 | _aSingh/Anoop/ Verma/S | ||
| 650 | _aMicrowave Engineering | ||
| 942 | _cBK | ||
| 366 | _f17.5 | ||
| 654 | _amicrowave | ||
| 245 | _aFundamentals of Microwave Engineering | ||
| 260 |
_bprentice hall _c2009 |
||
| 082 |
_a621.3813/SIN _bSIN |
||
| 300 | _a393 | ||
| 546 | _aENGLISH | ||
| 999 |
_c17985 _d17985 |
||